LIBRARY ONLINE CATALOGUE

The apostle: (Record no. 21714)

MARC details
000 -LEADER
fixed length control field 01132cam a2200337 4500
001 - CONTROL NUMBER
control field 1235559
003 - CONTROL NUMBER IDENTIFIER
control field OSt
005 - DATE AND TIME OF LATEST TRANSACTION
control field 20260619093116.0
008 - FIXED-LENGTH DATA ELEMENTS--GENERAL INFORMATION
fixed length control field 690814s1969 nyub b 000 0beng
010 ## - LIBRARY OF CONGRESS CONTROL NUMBER
LC control number 69015194
035 ## - SYSTEM CONTROL NUMBER
System control number 1235559
040 ## - CATALOGING SOURCE
Original cataloging agency DLC
Transcribing agency DLC
Modifying agency DLC
050 00 - LIBRARY OF CONGRESS CALL NUMBER
Classification number BS2506
Item number .P58
082 00 - DEWEY DECIMAL CLASSIFICATION NUMBER
Classification number 225.9/24
100 1# - MAIN ENTRY--PERSONAL NAME
Personal name Pollock, John,
Dates associated with a name 1924-2012.
245 14 - TITLE STATEMENT
Title The apostle:
Remainder of title a life of Paul,
Statement of responsibility, etc. by John Pollock.
250 ## - EDITION STATEMENT
Edition statement [1st ed.]
260 ## - PUBLICATION, DISTRIBUTION, ETC. (IMPRINT)
Place of publication, distribution, etc. Garden City, N.Y.,
Name of publisher, distributor, etc. Doubleday,
Date of publication, distribution, etc. 1969.
300 ## - PHYSICAL DESCRIPTION
Extent xiv, 244 p.
Other physical details maps (on lining papers)
Dimensions 22 cm.
336 ## - CONTENT TYPE
Content type term text
Content type code txt
Source rdacontent
337 ## - MEDIA TYPE
Media type term unmediated
Media type code n
Source rdamedia
338 ## - CARRIER TYPE
Carrier type term volume
Carrier type code nc
Source rdacarrier
504 ## - BIBLIOGRAPHY, ETC. NOTE
Bibliography, etc Bibliographical references included in "Notes" (p. [239]-244)
583 ## - ACTION NOTE
Action Cataloguing:
Time/date of action 20260619
Action agent gtanuigtanui
600 00 - SUBJECT ADDED ENTRY--PERSONAL NAME
Personal name Paul,
Titles and other words associated with a name the Apostle, Saint.
650 #0 - SUBJECT ADDED ENTRY--TOPICAL TERM
Topical term or geographic name as entry element Apostles
Form subdivision Biography.
655 #7 - INDEX TERM--GENRE/FORM
Genre/form data or focus term Biographies.
Source of term lcgft
Authority record control number https://id.loc.gov/authorities/genreForms/gf2014026049
906 ## - LOCAL DATA ELEMENT F, LDF (RLIN)
a 7
b cbc
c orignew
d u
e ncip
f 19
g y-gencatlg
942 ## - ADDED ENTRY ELEMENTS (KOHA)
Source of classification or shelving scheme Library of Congress Classification
Koha item type General Collection
Holdings
Withdrawn status Lost status Source of classification or shelving scheme Not for loan Home library Current library Shelving location Date acquired Source of acquisition Inventory number Total Checkouts Full call number Barcode Date last seen Copy number Price effective from Koha item type
    Library of Congress Classification   Kabarak, Main Campus Kabarak, Main Campus General Stacks 19/06/2026 Donation 2026/4029   BS2506 .P58 1972 C.1 37923 19/06/2026 C.1 19/06/2026 General Collection